00646nam a2200205Ia 4500003000900000008004100009040001300050040001300063041000800076100002000084245002700104250001000131260002100141260000900162300001100171300001000182490004800192490000700240600019300247IT-RoPAU120407s9999 xx 000 0 und d aIT-RoPAU cIT-RoPAU aita aMargarita Riber aIl lavoro nella Bibbia aBari  aEdizioni Paoline c1969 a186 p. c18 cm aLa Bibbia e i problemi dell’uomo d’oggi v17 a"Tit. orig.:El trabajo en la Biblia. Trad. E Laurenti Masi In testa al front.: Margarita Riber. 1. Bibbia, Concetto di lavoro I - Laurenti Masi , Elsa 220.8 BNI 69-9139"